000 00664nam a2200205Ii 4500
003 JO-AjNU
008 230605s9999||||xx |||||||||||||| ||und||
017 _a2007/4/1203
040 _aJO-AjNU
_bara
_erda
_cJO-AjNU
041 _aara
050 1 4 _aPJ6111 2007
100 3 _aتاليف الخريشا،فتحي فايز أبو دخينا,
_eauthor
_916133
245 0 0 _aأجنحة الجهاد والانتصار
264 3 1 _aعمان: المؤلف،2007
300 _a138ص
336 _atext
_btxt
_2rdacontent
337 _aunmediated
_bn
_2rdamedia
338 _avolume
_bnc
_2rdacarrier
650 4 _aالثقافة الجماهيرية-الثقافة
_916134
999 _aA4713
_c8281
_d8281